Terrorism in action : (Record no. 184789)
[ view plain ]
| 000 -LEADER | |
|---|---|
| fixed length control field | 01419 a2200217 4500 |
| 003 - CONTROL NUMBER IDENTIFIER | |
| control field | Nust |
| 005 - DATE AND TIME OF LATEST TRANSACTION | |
| control field | 20221219095629.0 |
| 010 ## - LIBRARY OF CONGRESS CONTROL NUMBER | |
| LC control number | 2003343300 |
| 020 ## - INTERNATIONAL STANDARD BOOK NUMBER | |
| International Standard Book Number | 9698373020 |
| 035 ## - SYSTEM CONTROL NUMBER | |
| System control number | (DLC) 2003343300 |
| 040 ## - CATALOGING SOURCE | |
| Transcribing agency | Nust |
| 082 ## - DEWEY DECIMAL CLASSIFICATION NUMBER | |
| Classification number | 303.625,HUS |
| 100 1# - MAIN ENTRY--PERSONAL NAME | |
| Personal name | Hussain, Iqbal S. |
| 9 (RLIN) | 328 |
| 245 10 - TITLE STATEMENT | |
| Title | Terrorism in action : |
| Remainder of title | civilizations at war / |
| Statement of responsibility, etc. | Iqbal S. Hussain. |
| 246 1# - VARYING FORM OF TITLE | |
| Title proper/short title | Islam, a target of western imperialism |
| 250 ## - EDITION STATEMENT | |
| Edition statement | 1st ed. |
| 260 ## - PUBLICATION, DISTRIBUTION, ETC. | |
| Place of publication, distribution, etc. | Lahore |
| Name of publisher, distributor, etc. | Humanity interational |
| Date of publication, distribution, etc. | 2003. |
| 300 ## - PHYSICAL DESCRIPTION | |
| Extent | 382 p. ; |
| Dimensions | 22 cm. |
| 505 ## - FORMATTED CONTENTS NOTE | |
| Formatted contents note | Introduction (Paeg-8), Islam Under Attack (Paeg-17), Responding to Challenges (Paeg-28), Clash of Fundamentals (Paeg-35), Imperialism in 21st Century (Paeg-63), Fundamentals of Islamic Revolution (Paeg-79), Crusades and Terrorism (Paeg-89), Grievances of the Muslim World (Paeg-100), A Dialogue of the Deaf (Paeg-109), Taliban Islam (Paeg-116), US Policies Under Attack (Paeg-127), Islamic Models Institutions (Paeg-144), Confrontation Between Islamic (Paeg-160), Fundamentalist Thought (Paeg-173), Bin Laden Profile of a Terrorist (Paeg-177), Terrorism in Action (Paeg-196), Dynamics of Adventurism (Paeg-204), Islam (Paeg-216), Dilemma of the Muslim World (Paeg-230), JIHAD (Paeg-242), Morality of War (Paeg-253), Political Islam (Paeg-265), USA as America (Paeg-278),Tides of History (Paeg-292), Muslims Collective Apathy (Paeg-304). |
| 942 ## - ADDED ENTRY ELEMENTS (KOHA) | |
| Source of classification or shelving scheme | |
| Koha item type | Book |
| Call number prefix | 303.625,HUS |
| Withdrawn status | Lost status | Source of classification or shelving scheme | Damaged status | Not for loan | Permanent Location | Current Location | Shelving location | Date acquired | Full call number | Barcode | Date last seen | Price effective from | Koha item type | Public note |
|---|---|---|---|---|---|---|---|---|---|---|---|---|---|---|
| Military College of Signals (MCS) | Military College of Signals (MCS) | General Stacks | 12/12/2016 | 303.625,HUS | MCS31430 | 12/08/2016 | 12/12/2016 | Book | Almirah No.49, Shelf No.2 |
